Parametrická simulácia finančných indikátorov diplomová práca

Enregistré dans:
Détails bibliographiques
Auteur principal: Kupka, Dávid
Collectivité auteur: Fakulta hospodárskej informatiky EU. Katedra operačného výskumu a ekonometrie
Autres auteurs: Pekár, Juraj, 1972-
Format: Livre
Langue:slovaque
Publié: Bratislava 2018
Tags: Ajouter un tag
Pas de tags, Soyez le premier à ajouter un tag!

MARC

LEADER 00000nbm a2200000 4500
001 0243479
005 20180917084213.9
041 0 |a slo 
044 |a SK 
245 1 0 |a Parametrická simulácia finančných indikátorov  |b diplomová práca  |c Dávid Kupka ; školiteľ: Juraj Pekár 
264 1 |a Bratislava  |c 2018 
300 |a 96 s. 
100 1 |a Kupka, Dávid 
700 1 |a Pekár, Juraj, 1972- 
710 2 |a Fakulta hospodárskej informatiky EU. Katedra operačného výskumu a ekonometrie